[Event "Getxo op 2nd"]
[Site "Getxo"]
[Date "2017.09.09"]
[Round "1"]
[White "Perez Pacheco, Ricardo"]
[Black "Miranda Castanos, Jose Vicente"]
[Result "1-0"]
[WhiteElo "2225"]
[BlackElo "1694"]
[PlyCount "79"]
[EventDate "2017.09.09"]
[EventType "swiss"]
[EventRounds "9"]
[EventCountry "ESP"]
[SourceTitle "CBM 180 Extra"]
[Source "ChessBase"]
[SourceDate "2017.10.06"]
[SourceVersion "1"]
[SourceVersionDate "2017.10.06"]
[SourceQuality "1"]

1. e4 c6 2. d4 d5 3. Nc3 dxe4 4. Nxe4 Nd7 5. Bc4 Ngf6 6. Ng5 e6 7. Qe2 Nb6 8. Bd3 h6 9. N5f3 Be7 10. Bd2 0-0 11. 0-0-0 Qc7 12. Ne5 c5 13. dxc5 Bxc5 14. Ngf3 Bd7 15. Kb1 Bc6 16. Rhg1 a5 17. g4 Nfd7 18. Nxc6 Qxc6 19. g5 hxg5 20. Rxg5 Be7 21. Rg2 Bf6 22. Rdg1 Rfe8 23. Bg5 Kf8 24. Bxf6 gxf6 25. Nd4 Qd5 26. Nf5 Qxg2 27. Rxg2 exf5 28. Qd2 Re5 29. a3 Ke7 30. f4 Rc5 31. Qe3+ Kd6 32. Rd2 Kc7 33. Qh3 Rd5 34. Re2 Rg8 35. Re1 Rg4 36. Bxf5 Rxf4 37. Bxd7 Nxd7 38. Qg3 Rdd4 39. Rf1 a4 40. Rxf4 1-0

[Event "Erandio op"]
[Site "Erandio"]
[Date "2007.12.20"]
[Round "6"]
[White "Montolio Benedicto, Cesar"]
[Black "Miranda Castanos, Jose Vicente"]
[Result "1/2-1/2"]
[WhiteElo "2023"]
[BlackElo "1931"]
[PlyCount "98"]
[EventDate "2007.12.17"]
[EventType "swiss"]
[EventRounds "9"]
[EventCountry "ESP"]
[SourceTitle "CBM 121 Extra"]
[Source "ChessBase"]
[SourceDate "2008.01.10"]
[SourceVersion "1"]
[SourceVersionDate "2008.01.10"]
[SourceQuality "1"]

1. e4 d6 2. d4 Nf6 3. Nc3 g6 4. Nf3 c6 5. Be2 Bg7 6. 0-0 0-0 7. h3 Nbd7 8. Be3 e5 9. dxe5 dxe5 10. Qd2 Qc7 11. Rfd1 b5 12. a3 Bb7 13. Qd6 Qxd6 14. Rxd6 Rfd8 15. Bg5 h6 16. Bxf6 Nxf6 17. Rad1 Re8 18. Nd2 Rad8 19. Nb3 Rxd6 20. Rxd6 Rc8 21. Nc5 Ba8 22. b4 Kf8 23. f3 Ke7 24. Rd3 Rd8 25. Rxd8 Kxd8 26. Nb1 Nd7 27. Nd3 Bf8 28. Nd2 Kc7 29. Nb3 Kb6 30. Kf2 c5 31. bxc5+ Nxc5 32. Nxe5 Nxb3 33. cxb3 Bxa3 34. Nxf7 Bc1 35. Ne5 g5 36. Nd3 Bd2 37. Bd1 a5 38. Ke2 Bc3 39. Nc1 Bc6 40. Kd3 Bf6 41. Na2 b4 42. Nc1 Bb5+ 43. Ke3 Be5 44. Ne2 Kc5 45. Kd2 Bxe2 46. Bxe2 Kd4 47. Bb5 Bf4+ 48. Ke2 Kc3 49. Ba4 Bg3 1/2-1/2